[Event "Mechanics' Summer TNM; G/2"]
[Site "San Francisco"]
[Date "2015.06.09"]
[Round "3.32"]
[White "Delaney, Will Fred"]
[Black "Furukawa, Jon"]
[Result "1-0"]
[WhiteElo "1800"]
[BlackElo "1603"]
[PlyCount "65"]
[EventDate "2015.??.??"]

1. d4 d5 2. Nf3 Nc6 3. Bf4 e6 4. e3 Nf6 5. Nbd2 Bd6 6. Ne5 O-O 7. Bg3 Bxe5 8.
dxe5 Nd7 9. f4 f6 10. exf6 Qxf6 11. c3 e5 12. Bd3 exf4 13. O-O Qe5 14. Nf3
Qxe3+ 15. Bf2 Qe7 16. Re1 Qd6 17. Bxh7+ Kh8 18. Bc2 Nf6 19. Nh4 Bd7 20. Ng6+
Kg8 21. b4 Rfe8 22. Qd3 Ne4 23. Nxf4 Qxf4 24. Qxd5+ Be6 25. Qxe4 Qxe4 26. Rxe4
Bd5 27. Rh4 Re2 28. Bh7+ Kf7 29. Rf4+ Ke6 30. c4 Bxg2 31. Kxg2 Rd8 32. Re4+
Rxe4 33. Bxe4 1-0

[Event "Mechanics' Leighton Allen TNM; G/2"]
[Site "San Francisco"]
[Date "2015.09.29"]
[Round "9.13"]
[White "Delaney, Will Fred"]
[Black "Gomez, David Flores"]
[Result "0-1"]
[WhiteElo "1800"]
[BlackElo "1844"]
[PlyCount "130"]
[EventDate "2015.??.??"]

1. d4 Nf6 2. Nf3 g6 3. c3 Bg7 4. Qc2 d5 5. Bf4 O-O 6. Nbd2 Nbd7 7. e3 Re8 8.
Ne5 c5 9. Be2 Qb6 10. O-O Nf8 11. Qb3 c4 12. Qxb6 axb6 13. e4 b5 14. Bf3 dxe4
15. Nxe4 Nxe4 16. Bxe4 Ne6 17. Be3 f6 18. Nf3 Nc7 19. Rfe1 f5 20. Bc2 Nd5 21.
Bd2 Bd7 22. Ne5 Bxe5 23. Rxe5 Nf6 24. a3 Bc6 25. f3 Kf7 26. b3 e6 27. bxc4 bxc4
28. Rc5 Nd7 29. Rxc4 Nb6 30. Rb4 Nd5 31. Rb2 Re7 32. c4 Nf6 33. Bb4 Rd7 34. Rd1
Rad8 35. Bc5 Nh5 36. Kf2 Nf4 37. Bb3 Kg7 38. Rbd2 b6 39. Bb4 g5 40. Bc3 Kg6 41.
Ke3 b5 42. g3 bxc4 43. Bxc4 Nd5+ 44. Bxd5 Bxd5 45. Bb4 Rc8 46. Bc5 Rb7 47. Rd3
Rb2 48. R1d2 Rb1 49. Kf2 Rcb8 50. Bb4 Rc8 51. Rc3 Rxc3 52. Bxc3 Rb3 53. Bb4
Rxf3+ 54. Ke2 g4 55. Rc2 Rb3 56. Bd6 Be4 57. Rd2 h5 58. Be7 Bf3+ 59. Kf2 Bd5
60. Rc2 Rd3 61. Bc5 f4 62. gxf4 Kf5 63. Bd6 Rxd4 64. Kg3 h4+ 65. Kxh4 Rd3 0-1

[Event "Mechanics' Fall TNM; G/2"]
[Site "San Francisco"]
[Date "2015.10.27"]
[Round "2.7"]
[White "Delaney, Will Fred"]
[Black "Ke, Ivan"]
[Result "0-1"]
[WhiteElo "1800"]
[BlackElo "2112"]
[PlyCount "92"]
[EventDate "2015.??.??"]

1. d4 d5 2. Nf3 Nf6 3. c3 c6 4. g3 Bf5 5. Qb3 Qc8 6. Nbd2 h6 7. Bg2 Nbd7 8. O-O
e6 9. Nh4 Bh7 10. f4 Be7 11. Nhf3 Ng4 12. c4 Ngf6 13. Ne5 O-O 14. e3 Bf5 15. h3
Nxe5 16. fxe5 Nd7 17. e4 dxc4 18. Nxc4 Bg6 19. Bf4 Re8 20. a4 Rb8 21. a5 Qd8
22. d5 Nc5 23. Qa2 Nxe4 24. d6 Bg5 25. Rad1 Bxf4 26. Rxf4 Nxg3 27. b4 Qd7 28.
Qf2 Nf5 29. Qxa7 Red8 30. Qf2 Qe8 31. Nd2 f6 32. Nf3 fxe5 33. Nxe5 Rxd6 34.
Rxd6 Nxd6 35. a6 Bf5 36. axb7 Nxb7 37. Bxc6 Qh5 38. h4 Nd6 39. Bf3 Qe8 40. Qc5
Nf7 41. Nc6 Rb7 42. b5 g5 43. hxg5 Nxg5 44. Bg2 Rg7 45. Kf2 Qd7 46. Nd4 Nh3+
0-1

[Event "Mechanics' Leighton Allen TNM; G/2"]
[Site "San Francisco"]
[Date "2015.08.10"]
[Round "2.23"]
[White "Delaney, Will Fred"]
[Black "Koga, Micah Kamuel"]
[Result "0-1"]
[WhiteElo "1800"]
[BlackElo "1471"]
[PlyCount "120"]
[EventDate "2015.??.??"]

1. Nf3 c6 2. d4 d5 3. c3 Bf5 4. Qb3 Qc7 5. Bg5 Nd7 6. e3 Ngf6 7. Nbd2 h6 8. Bf4
Qb6 9. h3 e6 10. Be2 c5 11. O-O Be7 12. Ne5 O-O 13. g4 Bh7 14. g5 hxg5 15. Bxg5
Bd6 16. f4 Qc7 17. Kf2 Ne4+ 18. Nxe4 Bxe4 19. Nxd7 Qxd7 20. Rg1 c4 21. Qd1 f6
22. Bh4 e5 23. Qd2 Qxh3 24. Bg3 Qf5 25. Raf1 b5 26. Ke1 exf4 27. Bxf4 Qd7 28.
Bg4 f5 29. Bh5 Rf6 30. Bg6 Qe6 31. Bh5 a5 32. Qh2 Bxf4 33. Qxf4 Qd6 34. Qg5 Ra7
35. Bg6 Qe6 36. Qh5 Kf8 37. Qh8+ Qg8 38. Qh2 Rb7 39. Rf4 Qe6 40. Qh8+ Qg8 41.
Qh5 b4 42. Bxf5 bxc3 43. Bxe4 Rxf4 44. Bxd5 Rff7 45. Qg5 Rb8 46. Qe5 Re8 47.
Qd6+ Ree7 48. bxc3 Qh7 49. Bxf7 Qb1+ 50. Kf2 Qc2+ 51. Kg3 Kxf7 52. Rf1+ Ke8 53.
Qb8+ Kd7 54. Qb5+ Kd6 55. Qc5+ Kd7 56. Qd5+ Ke8 57. Qc6+ Rd7 58. Qc8+ Ke7 59.
Qf8+ Ke6 60. Qf5+ $4 Qxf5 0-1

[Event "Mechanics' Leighton Allen TNM; G/2"]
[Site "San Francisco"]
[Date "2015.09.01"]
[Round "5.26"]
[White "Delaney, Will Fred"]
[Black "Tokatyan, Shant"]
[Result "0-1"]
[WhiteElo "1800"]
[BlackElo "1413"]
[PlyCount "24"]
[EventDate "2015.??.??"]

1. Nf3 d5 2. d4 h6 3. c3 Nf6 4. Bf4 Nc6 5. Nbd2 Nd7 6. e3 a6 7. Bd3 e6 8. e4
Be7 9. O-O g5 10. Bg3 g4 11. Ne5 Ndxe5 12. dxe5 h5 {
Remaining moves unavailable.} 0-1

[Event "Mechanics' Fall TNM; G/2"]
[Site "San Francisco"]
[Date "2015.11.24"]
[Round "6.35"]
[White "Donaldson, Kyle"]
[Black "Eastham, Asher Dan"]
[Result "0-1"]
[WhiteElo "1486"]
[BlackElo "1462"]
[Annotator "John Donaldson"]
[PlyCount "58"]
[EventDate "2015.??.??"]

1. e4 e5 2. Nf3 Nc6 3. Bc4 Bc5 4. b4 Bxb4 5. c3 Ba5 6. d4 exd4 7. O-O d6 8. Qb3
Qe7 9. cxd4 Nf6 $2 (9... Bb6 $1) 10. Nc3 (10. e5 $1) 10... O-O (10... Bxc3) 11.
Bg5 h6 $2 (11... Bxc3) 12. Nd5 $1 Qxe4 13. Nxf6+ (13. Bxf6 $1) 13... gxf6 14.
Bxh6 Bg4 15. Bxf8 Rxf8 16. Bd5 Qf5 17. Rac1 Bxf3 18. Bxc6 $4 (18. Bxf3 Nxd4 19.
Qxb7) 18... Bxc6 19. Rfd1 Qd5 20. Qg3+ Qg5 21. Qh3 Kg7 22. Rb1 Rh8 23. Qg3 Qxg3
24. fxg3 Bb6 25. Kh1 Rh5 26. Rb4 a5 27. Rc4 Bb5 28. Rc3 Rd5 29. Rf3 Be2 0-1

[Event "Mechanics' Winter TNM; 30/90, SD/30"]
[Site "San Francisco"]
[Date "2015.01.20"]
[Round "3.15"]
[White "Donnelly, Patrick"]
[Black "Khristofurov, Sergey"]
[Result "0-1"]
[WhiteElo "1659"]
[BlackElo "1977"]
[PlyCount "50"]
[EventDate "2015.??.??"]

1. e4 c6 2. d4 d5 3. exd5 cxd5 4. c4 Nf6 5. Nc3 Nc6 6. Nf3 Bg4 7. cxd5 Nxd5 8.
Bc4 e6 9. Nxd5 exd5 10. Be2 Bb4+ 11. Bd2 Bxd2+ 12. Qxd2 O-O 13. O-O Re8 14.
Rfe1 Re4 15. Bb5 Bxf3 16. Bxc6 Bxg2 17. Bxb7 Rg4 18. Re3 Bf3+ 19. Kf1 Qg5 20.
Rxf3 Qxd2 21. Bxa8 Qxb2 22. Rd1 Qb5+ 23. Rdd3 Rxd4 24. Ke2 Rxd3 25. Rxd3 Qe8+
0-1

[Event "Mechanics' Winter TNM; 30/90, SD/30"]
[Site "San Francisco"]
[Date "2015.02.03"]
[Round "5.42"]
[White "Donnelly, Patrick"]
[Black "Manivannan, Sanjayan"]
[Result "1/2-1/2"]
[WhiteElo "1659"]
[BlackElo "1119"]
[PlyCount "106"]
[EventDate "2015.??.??"]

1. e4 c5 2. c3 e6 3. d4 Nc6 4. Nf3 d5 5. e5 h6 6. Nbd2 cxd4 7. cxd4 Qb6 8. Nb3
Bb4+ 9. Bd2 a5 10. Rc1 a4 11. Nc5 Bxc5 12. Rxc5 Qxb2 13. Rc2 Qb6 14. Qc1 Bd7
15. Bc3 Nge7 16. Rb2 Qc7 17. Qb1 Rb8 18. Rc2 O-O 19. Bd3 b5 20. Bb4 Qb7 21. Bd6
Ra8 22. Qxb5 Qxb5 23. Bxb5 Rfc8 24. Kd2 Ra5 25. Bxc6 Nxc6 26. Rhc1 Rb5 27. Ke3
Na7 28. Rxc8+ Nxc8 29. Rc7 Nb6 30. Bc5 Nc4+ 31. Kd3 Rb2 32. Rxd7 Rxa2 33. Ra7
Rxf2 34. Ne1 Rd2+ 35. Kc3 Re2 36. Nd3 Rxg2 37. Rxa4 Rxh2 38. Ra8+ Kh7 39. Rf8
g5 40. Rxf7+ Kg6 41. Rf6+ Kh5 42. Bf8 Kg4 43. Rxh6 Rxh6 44. Bxh6 Kf5 45. Nf2 g4
46. Nh1 Ke4 47. Bg5 Kf3 48. Bh4 Kg2 49. Nf2 g3 50. Nd3 Kh3 51. Bxg3 Kxg3 52.
Nc5 Kg4 53. Nxe6 Nxe5 1/2-1/2

[Event "Mechanics' Winter TNM; 30/90, SD/30"]
[Site "San Francisco"]
[Date "2015.02.10"]
[Round "6.38"]
[White "Donnelly, Patrick"]
[Black "Stuetzel, Ezra"]
[Result "1-0"]
[WhiteElo "1659"]
[BlackElo "1300"]
[PlyCount "45"]
[EventDate "2015.??.??"]

1. e4 d5 2. exd5 Nf6 3. c4 e6 4. dxe6 Bxe6 5. Nf3 Qe7 6. Qe2 Nc6 7. d4 O-O-O 8.
d5 Re8 9. dxe6 Qb4+ 10. Nc3 Bc5 11. Be3 Bxe3 12. fxe3 Rxe6 13. O-O-O Rhe8 14.
Rd3 Nd7 15. g3 Nc5 16. Bh3 Nxd3+ 17. Qxd3 Na5 18. Bxe6+ Rxe6 19. Rd1 b6 20.
Qd7+ Kb7 21. Qd5+ Kb8 22. Ne5 Qe7 23. Nd7+ 1-0

[Event "Mechanics' Winter TNM; 30/90, SD/30"]
[Site "San Francisco"]
[Date "2015.01.06"]
[Round "1.8"]
[White "Donnelly, Patrick"]
[Black "Tsodikova, Natalya"]
[Result "0-1"]
[WhiteElo "1659"]
[BlackElo "2170"]
[PlyCount "86"]
[EventDate "2015.??.??"]

1. e4 e5 2. Nf3 Nc6 3. Bb5 Nge7 4. d4 exd4 5. Nxd4 Ng6 6. O-O Bc5 7. Be3 Nxd4
8. Bxd4 Bxd4 9. Qxd4 O-O 10. Nc3 d6 11. Rad1 Qg5 12. Rd3 Nf4 13. Rg3 Qe5 14.
Qxe5 dxe5 15. Rd1 c6 16. Bd3 b5 17. a3 a5 18. Ne2 Ne6 19. Kf1 Ba6 20. Ke1 c5
21. Ng1 c4 22. Be2 Rfd8 23. Nf3 f6 24. Nh4 g6 25. Nf5 Kf7 26. Ne3 Nc5 27. f3
Na4 28. Rb1 Bb7 29. Rh3 Kg7 30. Nd1 Nc5 31. Nc3 Bc6 32. Rd1 Rxd1+ 33. Bxd1 Rd8
34. Be2 Ne6 35. Nd1 Nf4 36. Rg3 Bd7 37. b3 cxb3 38. cxb3 Nh5 39. Rg4 Bxg4 40.
fxg4 Nf4 41. Bxb5 Nxg2+ 42. Ke2 Nf4+ 43. Ke1 Nd3+ 0-1

[Event "Mechanics' Leighton Allen TNM; G/2"]
[Site "San Francisco"]
[Date "2015.08.10"]
[Round "2.8"]
[White "Doyle, Bryon"]
[Black "Andries, Craig"]
[Result "1-0"]
[WhiteElo "2164"]
[BlackElo "1863"]
[PlyCount "105"]
[EventDate "2015.??.??"]

1. e4 g6 2. d4 Bg7 3. Nc3 d6 4. f4 Nc6 5. Be3 a6 6. d5 Nb8 7. a4 Nd7 8. Nf3 Nh6
9. Bc4 O-O 10. O-O b6 11. Bd4 f6 12. h3 Nf7 13. Be3 Nc5 14. Nd4 Qe8 15. b4 Nb7
16. Ra2 Nfd8 17. Nce2 Kh8 18. c3 Bd7 19. Bb3 a5 20. Qc2 e6 21. dxe6 Nxe6 22.
Bd5 Ned8 23. b5 Bc8 24. Nf3 Rb8 25. Nd2 Ne6 26. Nd4 Nec5 27. N4b3 Be6 28. Bxe6
Nxe6 29. f5 Nec5 30. Nxc5 dxc5 31. Bf4 Nd6 32. Bxd6 cxd6 33. Nc4 Qe7 34. Qd3
Rfd8 35. Qd5 Rd7 36. Rd2 Bf8 37. Rfd1 Kg7 38. g4 g5 39. Qc6 Rc7 40. Qxd6 Qf7
41. Qxc7 Qxc7 42. Rd7+ Qxd7 43. Rxd7+ Kg8 44. Kf2 h6 45. Ne3 Re8 46. Kf3 Re7
47. Rd8 Kf7 48. Rb8 Rd7 49. Nd5 c4 50. Rxb6 Bc5 51. Rxf6+ Kg7 52. Rg6+ Kf7 53.
Rxh6 1-0

[Event "Mechanics' Spring TNM; G/2"]
[Site "San Francisco"]
[Date "2015.05.05"]
[Round "8.4"]
[White "Doyle, Bryon"]
[Black "Fuentes, Romulo"]
[Result "1-0"]
[WhiteElo "2158"]
[BlackElo "2225"]
[PlyCount "85"]
[EventDate "2015.??.??"]

1. e4 c5 2. Nf3 d6 3. d4 cxd4 4. Nxd4 Nf6 5. Nc3 a6 6. Bc4 e6 7. Bb3 b5 8. f4
b4 9. Na4 Nxe4 10. O-O Bb7 11. f5 e5 {Diagram #} 12. Ne6 fxe6 13. Qh5+ Kd7 14.
Be3 Nf6 15. fxe6+ Kc8 16. Rxf6 gxf6 17. e7 Qxe7 18. Qf5+ Nd7 19. Nb6+ Kc7 20.
Nxd7 Bc6 21. Nxf6 Bg7 22. Nd5+ Bxd5 23. Bxd5 Rab8 24. Qd3 Rb5 25. Qc4+ Kb8 26.
Qc6 Re8 27. Qa8+ Kc7 28. Qa7+ Kd8 29. Bb6+ Rxb6 30. Qxb6+ Qc7 31. Qxb4 Qc5+ 32.
Qxc5 dxc5 33. c4 Kc7 34. Rf1 Rf8 35. Rxf8 Bxf8 36. Kf2 a5 37. Kf3 Kd6 38. Ke4
a4 39. h3 h5 40. g4 hxg4 41. hxg4 Bh6 42. Kf5 Bf8 43. g5 1-0

[Event "Mechanics' Spring TNM; G/2"]
[Site "San Francisco"]
[Date "2015.03.17"]
[Round "1.8"]
[White "Doyle, Bryon"]
[Black "Manivannan, Sanjayan"]
[Result "1-0"]
[WhiteElo "2158"]
[BlackElo "1554"]
[PlyCount "23"]
[EventDate "2015.??.??"]

1. e4 e5 2. Nf3 Nc6 3. Bc4 Be7 4. d4 d6 5. dxe5 Nxe5 6. Nxe5 dxe5 7. Qh5 Nh6 8.
Bxh6 gxh6 9. Qxf7+ Kd7 10. Nc3 Qe8 11. O-O-O+ Kc6 12. Bb5+ 1-0

[Event "Mechanics' Spring TNM; G/2"]
[Site "San Francisco"]
[Date "2015.03.31"]
[Round "3.7"]
[White "Doyle, Bryon"]
[Black "Purland, Mathew"]
[Result "1-0"]
[WhiteElo "2158"]
[BlackElo "1507"]
[PlyCount "59"]
[EventDate "2015.??.??"]

1. e4 e6 2. d4 d5 3. e5 c5 4. c3 Nc6 5. Nf3 Bd7 6. Bd3 cxd4 7. cxd4 Qb6 8. O-O
Nxd4 9. Nbd2 Ne7 10. Nxd4 Qxd4 11. Nf3 Qb6 12. Be3 Qc7 13. Rc1 Nc6 14. a3 a5
15. Re1 Be7 16. Nd4 Qxe5 17. Bb5 O-O 18. Bd3 f5 19. Nxc6 bxc6 20. g4 Qf6 21.
gxf5 exf5 22. Kh1 d4 23. Bxd4 Qh4 24. Bc4+ Kh8 25. Bxg7+ Kxg7 26. Qxd7 Rae8 27.
Rc3 f4 28. Rh3 Qf6 29. Qg4+ Qg5 {Diagram #} 30. Rxe7+ $1 1-0

[Event "Mechanics' Fall TNM; G/2"]
[Site "San Francisco"]
[Date "2015.10.20"]
[Round "1.6"]
[White "Doyle, Bryon"]
[Black "Sherwood, Peter"]
[Result "1-0"]
[WhiteElo "2164"]
[BlackElo "1633"]
[Annotator "Donaldson"]
[PlyCount "59"]
[EventDate "2015.??.??"]

1. e4 c5 2. Nf3 d6 3. d4 cxd4 4. Nxd4 Nf6 5. Nc3 a6 6. Bc4 e6 7. Bb3 Be7 8. f4
Nc6 9. O-O O-O 10. Kh1 Nxd4 11. Qxd4 Qc7 (11... b5 {
is more commonly played here.}) 12. f5 b5 13. a3 (13. Bg5 Rb8 {intending ...b4}
14. a3 a5 {is another possibility.}) 13... Bd7 14. Qd3 (14. Bg5) 14... Rac8 15.
Bf4 Nh5 (15... exf5 16. exf5 Bc6 17. Rad1 Qb7 {
with Black's powerful battery compensating for the isolated d-pawn.}) 16. Bd2
Nf6 17. Rae1 Kh8 18. Ne2 e5 19. Nc3 Bc6 20. Bg5 Qd8 $6 (20... Ng4 21. Bxe7 Qxe7
22. Re2 $11 (22. Nd5 $2 Qh4) (22. Bd5 $4 Qh4 $1) 22... Nf6) 21. Bxf6 Bxf6 22.
Bd5 Qe7 $2 (22... Bd7 {to preserve the bishop to contest a knight on d5.} 23.
Rd1 $14 (23. Bb7 Rb8 24. Bxa6 $4 Qb6) (23. Bb3 Bc6)) 23. Rf3 (23. Bxc6 Rxc6 24.
Nd5 $16 {Classic good knight versus bad bishop. Bobby Fischer won many games
with this theme. White has a choice to between breaking with a4, pressing
against d6 or attacking on the kingside - or sometimes all three at once.})
23... Rc7 (23... Bd7) 24. Rh3 (24. Bxc6 Rxc6 25. Nd5 $16) 24... Rfc8 (24... Bd7
) 25. Qf3 (25. Bxc6 Rxc6 26. Nd5 $16) 25... Qd8 (25... Be8) 26. Qh5 h6 $2 (
26... Qg8 27. Bxc6 Rxc6 {is better for White but Black's pressure against c2
makes Nd5 not as easy to achieve as before.}) 27. Bxc6 Rxc6 28. Qxf7 Qf8 29.
Qg6 Bg5 30. Qxg5 1-0

[Event "Mechanics' Spring TNM; G/2"]
[Site "San Francisco"]
[Date "2015.04.14"]
[Round "5.2"]
[White "Doyle, Bryon"]
[Black "Winslow, Elliott"]
[Result "0-1"]
[WhiteElo "2158"]
[BlackElo "2306"]
[PlyCount "96"]
[EventDate "2015.??.??"]

1. e4 c5 2. Nf3 e6 3. d4 cxd4 4. Nxd4 a6 5. Nc3 Qc7 6. g3 Bb4 7. Bd2 Nf6 8. Bg2
Nc6 9. Nxc6 dxc6 10. O-O Be7 11. f4 e5 12. fxe5 Ng4 13. Qe2 h5 14. Bf4 Qb6+ 15.
Kh1 g5 16. e6 Bxe6 17. Nd5 cxd5 18. exd5 gxf4 19. dxe6 Qxe6 20. Qxe6 fxe6 21.
Bxb7 Rb8 22. Bc6+ Kf7 23. Rxf4+ Bf6 24. Raf1 Rh6 25. b3 Rd8 26. Rb4 Rd2 27.
Rb7+ Kg8 28. Rb8+ Bd8 29. h3 Ne3 30. Rf3 Rd1+ 31. Kh2 Ng4+ 32. Kg2 Rd2+ 33. Kg1
Ne5 34. Rc3 Rf6 35. Be4 Rf8 36. Rcc8 Bb6+ 37. Kh1 Rxc8 38. Rxc8+ Kg7 39. Rb8
Bf2 40. Rb7+ Kf6 41. Rh7 Bxg3 42. Rxh5 Re2 43. Bb7 Rxc2 44. Rh6+ Ke7 45. a4 a5
46. Kg1 Rb2 47. Bc8 Nf3+ 48. Kf1 Rf2# 0-1

[Event "Mechanics' Leighton Allen TNM; G/2"]
[Site "San Francisco"]
[Date "2015.09.01"]
[Round "5.2"]
[White "Doyle, Bryon"]
[Black "Winslow, Elliott C"]
[Result "1/2-1/2"]
[WhiteElo "2164"]
[BlackElo "2328"]
[PlyCount "40"]
[EventDate "2015.??.??"]

1. e4 c5 2. Nf3 e6 3. d4 cxd4 4. Nxd4 a6 5. Nc3 Qc7 6. Bd3 Nf6 7. O-O Bc5 8.
Nb3 Be7 9. f4 d6 10. Qf3 h5 11. e5 Ng4 12. exd6 Bxd6 13. Ne4 Be7 14. Bd2 Nd7
15. Bc3 O-O 16. h3 Ngf6 17. Nxf6+ Nxf6 18. Be5 Qb6+ 19. Bd4 Qc7 20. Be5 Qb6+
1/2-1/2

[Event "Mechanics' Leighton Allen TNM; G/2"]
[Site "San Francisco"]
[Date "2015.08.25"]
[Round "4.3"]
[White "Doyle, Bryon"]
[Black "Wong, Russell"]
[Result "1-0"]
[WhiteElo "2164"]
[BlackElo "2205"]
[PlyCount "77"]
[EventDate "2015.??.??"]

1. e4 Nf6 2. Nc3 d5 3. e5 d4 4. exf6 dxc3 5. fxg7 cxd2+ 6. Bxd2 Bxg7 7. Qf3
Bxb2 8. Bc4 O-O 9. Rd1 Qd4 10. Qb3 Qe4+ 11. Ne2 Bg7 12. Bd5 Qg6 13. Nf4 Qb6 14.
Qg3 e5 15. Nh5 Qg6 16. Nxg7 Qxg7 17. Bh6 Qxg3 18. fxg3 Re8 19. O-O Be6 20. Bxb7
Nd7 21. Bxa8 Rxa8 22. Rd2 f5 23. Rfd1 Nb6 24. Rd8+ Rxd8 25. Rxd8+ Kf7 26. Be3
Bxa2 27. Bxb6 cxb6 28. Rd7+ Ke6 29. Rxa7 Bb1 30. c3 Kd5 31. Rxh7 f4 32. Rd7+
Kc4 33. gxf4 exf4 34. Rc7+ Kd3 35. Kf2 b5 36. Kf3 Ba2 37. h4 Bc4 38. h5 Kxc3
39. h6 1-0

[Event "Mechanics' Spring TNM; G/2"]
[Site "San Francisco"]
[Date "2015.05.05"]
[Round "8.10"]
[White "Drane, Robert"]
[Black "Andries, Craig"]
[Result "1-0"]
[WhiteElo "1800"]
[BlackElo "1935"]
[Annotator "Donaldson"]
[PlyCount "111"]
[EventDate "2015.??.??"]

1. e4 g6 2. d4 d6 3. f4 Bg7 4. Nf3 Nf6 5. Nc3 c6 6. Bd3 O-O 7. Be3 Qb6 8. Qd2
Qxb2 9. Rb1 Qa3 10. h3 Qa5 11. O-O Nbd7 12. e5 Ne8 13. Qe1 Qd8 14. g4 d5 15.
Qh4 f6 16. e6 Nb6 17. f5 g5 18. Qf2 Nd6 19. Rbe1 Nbc4 20. Bc1 Qa5 21. Ne2 h6
22. Kg2 b5 23. Rh1 Bb7 24. Qg3 Ne4 25. Qh2 Qd8 26. h4 Qd6 27. Qh3 c5 28. hxg5
fxg5 29. Nxg5 Nxg5 30. Bxg5 Rf6 31. Bxf6 exf6 32. Ng3 Qf4 33. Nh5 Qg5 34. Nxg7
Kxg7 35. c3 cxd4 36. cxd4 Rc8 37. Re2 Nd6 38. Qh5 Rc3 39. Qxg5+ hxg5 40. Rd2
Bc6 41. Kf2 b4 42. Bc2 Bb5 43. Ke1 Re3+ 44. Kd1 Rf3 45. Rdh2 Rf1+ 46. Rxf1 Bxf1
47. Bb3 Nc4 48. Bxc4 Bxc4 49. Kc1 a5 50. Kb2 a4 51. a3 b3 52. Kc3 Kf8 53. Kb4
Bd3 54. Kc5 (54. Kxa4 Bc2) 54... Bc2 55. Kd6 b2 56. e7+ 1-0

[Event "Mechanics' Spring TNM; G/2"]
[Site "San Francisco"]
[Date "2015.03.24"]
[Round "2.24"]
[White "Drane, Robert"]
[Black "Ayinala, Shree"]
[Result "1-0"]
[WhiteElo "1800"]
[BlackElo "1281"]
[PlyCount "61"]
[EventDate "2015.??.??"]

1. e4 c5 2. Nf3 d6 3. Bb5+ Bd7 4. Bxd7+ Qxd7 5. c4 Nc6 6. d4 cxd4 7. Nxd4 g6 8.
Nc3 Bg7 9. Nde2 Nf6 10. f3 h5 11. Bg5 O-O 12. Qd2 Kh7 13. O-O a6 14. a4 Qc7 15.
Ra3 Na5 16. Nd5 Nxd5 17. cxd5 Nc4 18. Rc1 Qb6+ 19. Be3 Qxb2 20. Qxb2 Bxb2 21.
Rxc4 Bxa3 22. Rc7 e6 23. dxe6 Rab8 24. exf7 Bc5 25. Bxc5 dxc5 26. Nf4 Kh6 27.
Kf2 b5 28. axb5 axb5 29. Ne6 c4 30. Nxf8 Rxf8 31. e5 1-0

[Event "Mechanics' Winter TNM; 30/90, SD/30"]
[Site "San Francisco"]
[Date "2015.01.06"]
[Round "1.31"]
[White "Drane, Robert"]
[Black "Frank, Robert"]
[Result "1-0"]
[WhiteElo "1800"]
[BlackElo "1296"]
[PlyCount "101"]
[EventDate "2015.??.??"]

1. e4 e5 2. Nc3 Nf6 3. Bc4 Bc5 4. d3 O-O 5. Bg5 h6 6. Bh4 c6 7. Nge2 b5 8. Bb3
a5 9. a3 a4 10. Ba2 d6 11. O-O Be6 12. Kh1 Nbd7 13. f4 exf4 14. Nxf4 Bxa2 15.
Bxf6 Nxf6 16. Rxa2 Qd7 17. h3 Rae8 18. Qf3 Nh7 19. h4 Bd4 20. Raa1 Bf6 21. Qg3
Be5 22. Rad1 Bxf4 23. Rxf4 Nf6 $4 24. Rxf6 Re6 25. Rdf1 Qe7 26. Rxe6 fxe6 27.
Rxf8+ Qxf8 28. Qf3 Qxf3 29. gxf3 Kf7 30. Kg2 Kf6 31. f4 g5 32. fxg5+ hxg5 33.
h5 g4 34. Kg3 Kg5 35. h6 Kxh6 36. Kxg4 Kg6 37. Kf4 Kf6 38. b3 axb3 39. cxb3 e5+
40. Ke3 Ke6 41. a4 b4 42. Na2 c5 43. Nc1 d5 44. exd5+ Kxd5 45. Ne2 Kd6 46. Ke4
Ke6 47. Ng1 Kd6 48. Nf3 Ke6 49. Nxe5 Kd6 50. a5 Kc7 51. Kd5 1-0

[Event "Mechanics' Spring TNM; G/2"]
[Site "San Francisco"]
[Date "2015.04.07"]
[Round "4.5"]
[White "Drane, Robert"]
[Black "Gaffagan, Steven"]
[Result "1-0"]
[WhiteElo "1800"]
[BlackElo "2128"]
[PlyCount "85"]
[EventDate "2015.??.??"]

1. e4 e6 2. d4 d5 3. Nc3 Bb4 4. e5 c5 5. a3 Ba5 6. b4 cxd4 7. Nb5 Bc7 8. Nf3
Nc6 9. Bf4 Nge7 10. Nxc7+ Qxc7 11. Bd3 Bd7 12. b5 Na5 13. O-O Qb6 14. Qe2 Rc8
15. Rfd1 Nc4 16. a4 h6 17. Rdb1 Qc5 18. h4 Rc7 19. Qd1 Na5 20. Bd2 Nc4 21. Bb4
Qb6 22. a5 Qxb5 23. Bd6 Nxd6 24. exd6 Qc5 25. dxc7 Qxc7 26. Nxd4 O-O 27. Bb5
Bc8 28. Rb3 e5 29. Ne2 a6 30. Rc3 Qd8 31. Ba4 d4 32. Rb3 Nf5 33. h5 Nd6 34. c3
Be6 35. Rb6 Nf5 36. cxd4 exd4 37. Bb3 Bc8 38. Ra4 Qg5 39. Ng3 Bd7 40. Rg6 Qf4
41. Rb4 Nh4 42. Qxd4 Qc1+ 43. Kh2 1-0

[Event "Mechanics' Winter TNM; 30/90, SD/30"]
[Site "San Francisco"]
[Date "2015.02.17"]
[Round "7.23"]
[White "Drane, Robert"]
[Black "Montoya, Daniel"]
[Result "1-0"]
[WhiteElo "1800"]
[BlackElo "1615"]
[Annotator "Donaldson"]
[PlyCount "51"]
[EventDate "2015.??.??"]

1. e4 e6 2. d4 d5 3. Nc3 Nc6 4. Nf3 Nf6 5. e5 (5. Bd3 Bb4 6. Bg5) 5... Ne4 6.
Bd3 Bb4 7. Bd2 Nxd2 8. Qxd2 f6 9. exf6 (9. a3) 9... Qxf6 10. O-O O-O 11. Rae1
Bd6 12. Ne2 e5 13. dxe5 Nxe5 14. Nxe5 Bxe5 (14... Qxe5 15. Ng3 Qxb2) 15. c3 Qd6
16. f4 Bf6 17. Bc2 Bd7 18. Qd3 g6 19. Bb3 c6 20. Kh1 Bf5 21. Qd2 Kh8 22. Ng3
Bh4 23. Re5 Bxg3 24. hxg3 Rae8 25. Rfe1 Be4 $4 {Diagram #} 26. R1xe4 1-0

[Event "Mechanics' Fall TNM; G/2"]
[Site "San Francisco"]
[Date "2015.10.20"]
[Round "1.24"]
[White "Drane, Robert W"]
[Black "Frank, Robert H"]
[Result "1-0"]
[WhiteElo "1909"]
[BlackElo "1339"]
[PlyCount "71"]
[EventDate "2015.??.??"]

1. e4 e5 2. Nf3 Nf6 3. Nc3 Nc6 4. Bb5 d6 5. d3 Be6 6. Bg5 h6 7. Be3 a6 8. Ba4
b5 9. Bb3 Be7 10. Bxe6 fxe6 11. h3 O-O 12. Qd2 Kh7 13. Ne2 d5 14. exd5 exd5 15.
d4 e4 16. Ne5 Nxe5 17. dxe5 Ng8 18. O-O-O c6 19. Nd4 Qc7 20. f4 Qd7 21. g4 Bc5
22. Nf5 Bxe3 23. Qxe3 g6 24. Ng3 Qf7 25. f5 gxf5 26. gxf5 a5 27. Rhf1 Qe8 28.
Qf4 Ra7 29. Rd2 Re7 30. f6 Ref7 31. Qf5+ Kh8 32. Nh5 Rh7 33. Rg2 Ne7 34. Qg4
Rg8 35. fxe7 Rxg4 36. Rf8+ 1-0

[Event "Mechanics' Summer TNM; G/2"]
[Site "San Francisco"]
[Date "2015.06.09"]
[Round "3.16"]
[White "Drane, Robert W"]
[Black "Gupta, Vishrut"]
[Result "1-0"]
[WhiteElo "1923"]
[BlackElo "1613"]
[PlyCount "67"]
[EventDate "2015.??.??"]

1. e4 e5 2. Nf3 Nc6 3. Nc3 Bc5 4. Nxe5 Bxf2+ 5. Kxf2 Nxe5 6. d4 Ng6 7. Bc4 Qf6+
8. Kg1 d6 9. Be3 Be6 10. Bb3 Nh6 11. Qd2 Qh4 12. Rf1 Bxb3 13. axb3 Rg8 14. Bg5
Qg4 15. Nd5 f6 {Diagram [#]} 16. Bxf6 Rf8 17. Bxg7 Rxf1+ 18. Kxf1 O-O-O 19.
Bxh6 Qxe4 20. Ne3 Qh4 21. Nd5 Re8 22. Bg7 c6 23. Nc3 Nf4 24. Qf2 Qg4 25. Qg3
Qf5 26. Qf3 Re6 27. g3 Qh3+ 28. Kf2 Nh5 29. Ne2 Nxg7 30. Nf4 Qh6 31. Nxe6 Nxe6
32. c3 Qd2+ 33. Qe2 Qh6 34. Kg2 1-0

[Event "Mechanics' Summer TNM; G/2"]
[Site "San Francisco"]
[Date "2015.07.14"]
[Round "8.15"]
[White "Drane, Robert W"]
[Black "Kondakov, Adrian"]
[Result "1-0"]
[WhiteElo "1923"]
[BlackElo "1501"]
[PlyCount "51"]
[EventDate "2015.??.??"]

1. e4 e6 2. d4 d5 3. Nc3 Bb4 4. e5 c5 5. a3 Bxc3+ 6. bxc3 Ne7 7. Qg4 Qc7 8.
Qxg7 Rg8 9. Qxh7 cxd4 10. Ne2 Nbc6 11. f4 Bd7 12. Qd3 dxc3 13. Be3 O-O-O 14. g3
Nf5 15. Bf2 a6 16. Rb1 d4 17. Bg2 Nh4 {Diagram #} 18. Be4 Ng6 19. Nxd4 Nxd4 20.
Bxb7+ Qxb7 21. Rxb7 Nxc2+ 22. Qxc2 Kxb7 23. O-O Nxf4 24. Rb1+ Ka8 25. Qe4+ Nd5
26. Qd4 1-0